Antes del 36 / (Record no. 137455)

MARC details
000 -LEADER
campo de control de longitud fija 01595nam a2200373 i 4500
001 - NÚMERO DE CONTROL
campo de control 137455
003 - IDENTIFICADOR DE NÚMERO DE CONTROL
campo de control ES-MaACL
005 - FECHA Y HORA DE LA ÚLTIMA TRANSACCIÓN
campo de control 20250825062643.0
007 - CAMPO FIJO DE DESCRIPCIÓN FÍSICA--INFORMACIÓN GENERAL
campo de control de longitud fija t|
008 - DATOS DE LONGITUD FIJA--INFORMACIÓN GENERAL
campo de control de longitud fija 070214s1966 sp af |||| | spa d
017 ## - NÚMERO DE COPYRIGHT O DE DEPÓSITO LEGAL
Número de copyright o de depósito legal B 29122-1966
Agencia que asigna Oficina Depósito Legal Barcelona
040 ## - FUENTE DE CATALOGACIÓN
Centro/agencia transcriptor ES-MaACL
080 ## - NÚMERO DE LA CLASIFICACIÓN DECIMAL UNIVERSAL
Número de la Clasificación Decimal Universal 741.5(460)"1931/36"
100 1# - ENTRADA PRINCIPAL--NOMBRE DE PERSONA
Nombre de persona Arco, Manuel del,
Fechas asociadas al nombre 1909-1971
Término indicativo de función/relación Autor
9 (RLIN) 22504
245 10 - MENCIÓN DEL TÍTULO
Título Antes del 36 /
Mención de responsabilidad, etc. del Arco ; [prólogo de Ramón Gómez de la Serna (1936) ; epílogo de Miguel Maura (1966)].
260 ## - PUBLICACIÓN, DISTRIBUCIÓN, ETC.
Lugar de publicación, distribución, etc. Barcelona :
Nombre del editor, distribuidor, etc. AHR,
Fecha de publicación, distribución, etc. [1966]
300 ## - DESCRIPCIÓN FÍSICA
Extensión 262 páginas :
Otras características físicas principalmente ilustraciones (blanco y negro) ;
Dimensiones 26 cm.
490 1# - MENCIÓN DE SERIE
Mención de serie E pur si muove
500 ## - NOTA GENERAL
Nota general Índice
585 ## - NOTA DE EXPOSICIONES
Nota de exposiciones Exposición de caricaturas de Manuel del Arco en el Ateneo de Madrid, 5 de mayo de 1936 [Fuente: Ateneo, dictadura, República / Antonio Ruiz Salvador, 1977]
610 27 - PUNTO DE ACCESO ADICIONAL DE MATERIA--NOMBRE DE ENTIDAD CORPORATIVA
Nombre de entidad corporativa o nombre de jurisdicción como elemento de entrada Ateneo de Madrid-
Subdivisión de forma Exposiciones-
Subdivisión cronológica 1930-1939.
9 (RLIN) 139241
650 #4 - PUNTO DE ACCESO ADICIONAL DE MATERIA--TÉRMINO DE MATERIA
Término de materia o nombre geográfico como elemento de entrada Españoles-
Subdivisión cronológica S.XX-
Subdivisión de forma Caricaturas y dibujos humorísticos.
9 (RLIN) 190403
650 #4 - PUNTO DE ACCESO ADICIONAL DE MATERIA--TÉRMINO DE MATERIA
Término de materia o nombre geográfico como elemento de entrada Caricatura-
Subdivisión geográfica España.
9 (RLIN) 145551
655 #7 - TERMINO DE INDIZACIÓN--GENERO/FORMA
Fuente del término tgfbne
9 (RLIN) 193628
Datos o término principal de género/forma Catálogos de exposiciones
655 #7 - TERMINO DE INDIZACIÓN--GENERO/FORMA
Fuente del término tgfbne
Datos o término principal de género/forma Libros ilustrados
9 (RLIN) 193653
700 1# - ENTRADA AGREGADA--NOMBRE PERSONAL
Nombre de persona Gómez de la Serna, Ramón,
Fechas asociadas al nombre 1888-1963
Término indicativo de función/relación Autor de introducción
9 (RLIN) 57901
700 1# - ENTRADA AGREGADA--NOMBRE PERSONAL
Nombre de persona Maura, Miguel,
Fechas asociadas al nombre 1887-1971
Término indicativo de función/relación Autor de epílogo, colofón, etc.
9 (RLIN) 79220
830 1# - PUNTO DE ACCESO ADICIONAL DE SERIE-TÍTULO UNIFORME
Título uniforme E pur si muove
9 (RLIN) 220092
852 ## - LOCALIZACIÓN
Ubicación ES-MaACL
Número de control de estantería G-5123
Ubicación en estantería Depósito 2
Encuadernación Encuadernación: tela
itemnumber 142417
852 4# - LOCALIZACIÓN
Ubicación ES-MaACL
Número de control de estantería N-8206/Ej.1
Ubicación en estantería Depósito J
Nota libre X-34
-- Duplicado
Encuadernación Encuadernación: tela
itemnumber 142416
942 ## - ELEMENTOS DE ENTRADA SECUNDARIOS (KOHA)
Tipo de ítem Koha Libro impreso
Suprimir en OPAC No
Holdings
Estatus retirado Estado de pérdida Fuente del sistema de clasificación o colocación Estado de daño Restricciones de uso No para préstamo Colección Biblioteca de origen Biblioteca actual Ubicación en estantería Fecha de adquisición Fuente de adquisición Total de préstamos Signatura topográfica completa Código de barras Visto por última vez Copia número Tipo de ítem Koha
    Clasificación decimal universal   Duplicado   Exposiciones en el Ateneo Biblioteca del Ateneo de Madrid Biblioteca del Ateneo de Madrid Depósito J 02/11/2022 Donación   N-8206/Ej.1 1204579 23/02/2023 X-34 Libro impreso
    Clasificación decimal universal       Exposiciones en el Ateneo Biblioteca del Ateneo de Madrid Biblioteca del Ateneo de Madrid Depósito 2 17/01/2008 Donación   G-5123 1143042 23/02/2023   Libro impreso